Welcome to the Holygrace Academy Library

Please use search bar below to get started

PERCENTILE HALL LITERATURE (Record no. 1781)

MARC details
000 -LEADER
fixed length control field 00364nam a22001457a 4500
020 ## - INTERNATIONAL STANDARD BOOK NUMBER
ISBN 0-13-062437-3
082 ## - DEWEY DECIMAL CLASSIFICATION NUMBER
Classification number 820
Item number KIN/P
100 ## - MAIN ENTRY--AUTHOR NAME
Personal name PEARSON
245 ## - TITLE STATEMENT
Title PERCENTILE HALL LITERATURE
Remainder of title GOLD LEVEL
250 ## - EDITION STATEMENT
Edition statement FLORIDA STUDENT EDITION
260 ## - PUBLICATION, DISTRIBUTION, ETC. (IMPRINT)
Place of publication NEW JERSEY
Name of publisher PEARSON PERCENTILE HALL
Year of publication 2003
300 ## - PHYSICAL DESCRIPTION
Number of Pages 1077
650 ## - SUBJECT ADDED ENTRY--TOPICAL TERM
Topical Term ENCYCLOPEDIA
Geographic subdivision INDIA
942 ## - ADDED ENTRY ELEMENTS (KOHA)
Koha item type Books
Holdings
Withdrawn status Lost status Collection code Home library Current library Shelving location Date acquired Source of acquisition Full call number Accession Number Koha item type
    Reference Main Library Main Library SHELF 1-B DICTIONARIES& ENCYCLOPEDIAS 10/10/2006 purchase 820 KIN/P 00829 Books
    Reference Main Library Main Library SHELF 1-B DICTIONARIES& ENCYCLOPEDIAS 01/05/2009 purchase 820 KIN/P 03437 Books